The leadership challenge journal : (Record no. 344918)
[ view plain ]
| 000 -LEADER | |
|---|---|
| fixed length control field | 01561 a2200229 4500 |
| 020 ## - INTERNATIONAL STANDARD BOOK NUMBER | |
| International Standard Book Number | 0787968226 |
| 020 ## - INTERNATIONAL STANDARD BOOK NUMBER | |
| International Standard Book Number | 9780787968229 |
| 082 04 - DEWEY DECIMAL CLASSIFICATION NUMBER | |
| Classification number | 658 |
| 090 ## - LOCALLY ASSIGNED LC-TYPE CALL NUMBER (OCLC); LOCAL CALL NUMBER (RLIN) | |
| -- | 2420 |
| -- | 2420 |
| 100 1# - MAIN ENTRY--PERSONAL NAME | |
| Personal name | Kouzes, James M. |
| 245 14 - TITLE STATEMENT | |
| Title | The leadership challenge journal : |
| Remainder of title | reflections on becoming a better leader / |
| Statement of responsibility, etc. | James M. Kouzes. |
| 260 ## - PUBLICATION, DISTRIBUTION, ETC. | |
| Place of publication, distribution, etc. | [S.l.] : |
| Name of publisher, distributor, etc. | Pfeiffer, |
| Date of publication, distribution, etc. | 2003. |
| 300 ## - PHYSICAL DESCRIPTION | |
| Extent | 160 p. ; |
| Dimensions | 24 cm. |
| 490 1# - SERIES STATEMENT | |
| Series statement | J-b leadership challenge: kouzes/posner. |
| 500 ## - GENERAL NOTE | |
| General note | Paperback. |
| 520 ## - SUMMARY, ETC. | |
| Summary, etc. | Time to reflect. Space to dream. A place to find inspiration. In our hectic lives, these are often skipped, bumped by the next deadline or our out-of-control to-do list. Reminding us of the importance of personal introspection to leadership development, Jim Kouzes and Barry Posner have created a journal for contemplation a visible reminder of the need for time, space, and place along your leadership adventures. The authors engage you in an internal dialogue guided by their Five Practices of Exemplary Leadershipâ model (Model the Way, Inspire a Shared Vision, Challenge the Process, Enable Others to Act, Encourage the Heart). They urge you to take notes, make comments, draw pictures, ask questions, contemplate answers, or just mediat |
| 700 ## - ADDED ENTRY--PERSONAL NAME | |
| Personal name | Posner, Barry |
| 830 ## - SERIES ADDED ENTRY--UNIFORM TITLE | |
| Uniform title | J-b leadership challenge: kouzes/posne |
| 856 ## - ELECTRONIC LOCATION AND ACCESS | |
| Materials specified | Amazon.com |
| Uniform Resource Identifier | <a href="http://www.amazon.com/exec/obidos/ASIN/0787968226/chopaconline-">http://www.amazon.com/exec/obidos/ASIN/0787968226/chopaconline-</a> |
| 856 ## - ELECTRONIC LOCATION AND ACCESS | |
| Materials specified | Amazon customer reviews |
| Uniform Resource Identifier | <a href="http://www.chopac.org/cgi-bin/tools/azrev.pl?q=07879682">http://www.chopac.org/cgi-bin/tools/azrev.pl?q=07879682</a> |
| 942 ## - ADDED ENTRY ELEMENTS (KOHA) | |
| Institution code [OBSOLETE] | NBS |
| Koha item type | Book |
| Call number prefix | 658.4092 POS |
| Withdrawn status | Lost status | Damaged status | Not for loan | Permanent Location | Current Location | Date acquired | Total Checkouts | Full call number | Barcode | Date last seen | Price effective from | Koha item type |
|---|---|---|---|---|---|---|---|---|---|---|---|---|
| Central Library (CL) | Central Library (CL) | 08/28/2013 | 658.4092 POS | NBSD-210 | 08/28/2013 | 08/28/2013 | Book |
